Countries of Oceania, but Invisible? - Statistics

General Stats
  • This quiz has been taken 24 times
  • The average score is 12 of 14
Answers on the Map
Answers color-coded by a green-red scale on the quiz's map according to % correct below.
 
Answer Stats
Answer % Correct
Australia
100%
New Zealand
100%
Fiji
95%
Micronesia
90%
Papua New Guinea
90%
Marshall Islands
85%
Tonga
85%
Tuvalu
85%
Kiribati
80%
Palau
80%
Samoa
80%
Solomon Islands
80%
Vanuatu
80%
Nauru
75%
No matching quizzes found
Score Distribution
Percent of People with Each Score
Percentile by Number Answered
Your Score History
You have not taken this quiz